| 000 | 00909nam a22002897a 4500 | ||
|---|---|---|---|
| 003 | CHAP | ||
| 005 | 20220329141639.0 | ||
| 008 | 971013s r 00010 d | ||
| 010 | _a71605 | ||
| 011 | _a72577 | ||
| 035 | _a82133 | ||
| 040 | _cCHAP | ||
| 090 | _aFolleto 9861 | ||
| 100 | 0 | 0 |
_aBaldovinos de la Peña, Gabriel. _99668 |
| 245 |
_aFisiología de los granos almacenados _b: curso corto |
||
| 260 |
_aChapingo, Méx. : _bColegio de Postgraduados, _c19- |
||
| 300 | _a4 h. | ||
| 590 |
_aBATCH-UPD _b10 _c20130110 _lUCH01 _h1204 |
||
| 590 |
_aBATCH-UPD _b10 _c20130410 _lUCH01 _h0746 |
||
| 590 |
_aBATCH-UPD _b10 _c20130914 _lUCH01 _h0531 |
||
| 590 |
_aCONVERSION _b10 _c20130109 _lUCH01 _h1339 |
||
| 650 | 1 | 4 |
_aCereales _xAlmacenamiento. _921373 |
| 650 | 1 | 4 |
_aCereales _xFisiología y morfología. _921419 |
| 901 | _aBK | ||
| 942 | _cFOLL | ||
| 949 |
_aFolleto 9861 _bBC _cUACH _d-35970 _eUACH _i82133 _mD _si |
||
| 999 |
_c71605 _d71605 |
||